Australian Slang - Statistics

General Stats
  • This quiz has been taken 646 times
  • The average score is 18 of 30
Answer Stats
Word Description/Full Word Slang Word % Correct
Friend Mate
95%
Barbecue Barbie
93%
Hello! G'day!
91%
McDonald's Macca's
90%
University Uni
89%
Short for 'kangaroo' Roo
86%
Sunglasses Sunnies
86%
Australian Rules Football (AFL) Footy
80%
Baby kangaroo Joey
80%
Sausage Snag
76%
Man/guy Bloke
75%
Australia is the Land ____ _____ Down Under
73%
Australian sheepskin boots Ugg Boots
68%
Pickup truck Ute
60%
Rolled up bedding etc. carried by a swagman Swag
58%
Bread made from flour and water Damper
56%
To tell on someone Dob
55%
Dinner/supper Tea
54%
Water hole/pond Billabong
51%
Board shorts Boardies
50%
Ditching school Wagging
50%
Small, usually timber, house in the garden used as a children's plaything Cubby House
47%
Teapot. Container for boiling water Billy
44%
Complain/Whine Whinge
41%
Cigarette Ciggie
39%
Food bag/box Tucker Bag
25%
Coward Wuss
21%
In a bad mood Cranky
20%
285 ml beer glass in Queensland and Victoria Pot
19%
U-turn Yewy
4%
No matching quizzes found
Score Distribution
Percent of People with Each Score
Percentile by Number Answered
Your Score History
You have not taken this quiz